Orientalism : western conceptions of the orient

Αποθηκεύτηκε σε:
Λεπτομέρειες βιβλιογραφικής εγγραφής
Κύριος συγγραφέας: Said, Edward W.
Μορφή: Βιβλίο
Γλώσσα:English
Δημοσίευση: London : Penguin Books, 1995
Σειρά:Penguin history
Θέματα:
Ετικέτες: Προσθήκη ετικέτας
Δεν υπάρχουν, Καταχωρήστε ετικέτα πρώτοι!

MARC

LEADER 00000cam a2200000 i 4500
001 1/13784
008 980316s1995 eng d
020 |a 0-14-023867-0 
035 |1 ΠΑΡ  |a 1997  |l 10019172 
040 |a GR-MY-UA  |b gre  |e aacr 
041 0 |a eng 
082 0 |a 950.072 
100 1 |a Said, Edward W. 
245 1 0 |a Orientalism :  |b western conceptions of the orient /  |c Edward W. Said 
260 |a London :   |b Penguin Books,   |c 1995 
300 |a 396 σ.;  |c 20 εκ. 
490 1 |a Penguin history 
505 0 |a Includes notes and index 
650 0 0 |a Imperialism. 
650 0 0 |a East and West. 
651 0 |a Asia  |x Foreign public opinion, Occidental. 
651 0 |a Middle East  |x Foreign public opinion, Occidental. 
651 0 |a Asia  |x Study and teaching. 
830 0 |a Penguin history 
852 |a INST  |b LESVOS  |e 19980316  |h 950.072 SAI  |p 005100014941  |q 005100014941  |t BK  |y 0 
852 |a INST  |b LESVOS  |e 20070529  |h 950.072 SAI  |p 005100037325  |q 005100037325  |t BK  |y 0 
901 |a BIBL1-2007-2 
909 |a Λ  |b 044296 
909 |a Λ  |b 132611